Postharvest management of Horticultural Crops: (Record no. 7970)

MARC details
000 -LEADER
fixed length control field 00632nam a22002057a 4500
003 - CONTROL NUMBER IDENTIFIER
control field OSt
005 - DATE AND TIME OF LATEST TRANSACTION
control field 20220810115600.0
008 - FIXED-LENGTH DATA ELEMENTS--GENERAL INFORMATION
fixed length control field 220810b ||||| |||| 00| 0 eng d
020 ## - INTERNATIONAL STANDARD BOOK NUMBER
International Standard Book Number 9781771883344
040 ## - CATALOGING SOURCE
Transcribing agency ddc
082 ## - DEWEY DECIMAL CLASSIFICATION NUMBER
Classification number 631.55 POS 2017
100 ## - MAIN ENTRY--PERSONAL NAME
Personal name Siddiqui, Mohammed Wasim
9 (RLIN) 16187
245 ## - TITLE STATEMENT
Title Postharvest management of Horticultural Crops:
Remainder of title Practice for quality Preservation.
260 ## - PUBLICATION, DISTRIBUTION, ETC. (IMPRINT)
Place of publication, distribution, etc. Baco Raton:
Name of publisher, distributor, etc. AAP Apple Academic Press;
Date of publication, distribution, etc. 2017,
300 ## - PHYSICAL DESCRIPTION
Extent viii,344p.:
Other physical details ill;
Dimensions 26cm.
504 ## - BIBLIOGRAPHY, ETC. NOTE
Bibliography, etc Index Included.
650 ## - SUBJECT ADDED ENTRY--TOPICAL TERM
Topical term or geographic name as entry element Postharvest management.
9 (RLIN) 16188
650 ## - SUBJECT ADDED ENTRY--TOPICAL TERM
Topical term or geographic name as entry element Horticultural Crops.
9 (RLIN) 16189
942 ## - ADDED ENTRY ELEMENTS (KOHA)
Source of classification or shelving scheme Dewey Decimal Classification
Koha item type Book
Holdings
Withdrawn status Lost status Source of classification or shelving scheme Damaged status Not for loan Home library Current library Source of acquisition Inventory number Total Checkouts Full call number Barcode Date last seen Koha item type
    Dewey Decimal Classification     MUST Main Library MUST Main Library Purchase 22/41911   631.55 POS 2017 2022-7845 10/08/2022 Open Shelf
    Dewey Decimal Classification     MUST Main Library MUST Main Library Purchase 22/41910   631.55 POS 2017 2022-7846 10/08/2022 Book
    Dewey Decimal Classification     MUST Main Library MUST Main Library Purchase     631.55 POS 2017 2024-22582 29/11/2024 Open Shelf